Statistics for Guess The NBA Player - Current

Click here to take the quiz!

General Stats

  • This quiz has been taken 55 times
  • The average score is 7 of 10

Answer Stats

HintAnswer% Correct
3rd All Time In Steals and Assist'sChris Paul
86%
Best 3 Point ShooterStephen Curry
86%
On The Lakers And Always InguredAnthony Davis
83%
Thinks Earth Is FlatKyrie Irving
75%
Does The "Rock The Baby" DanceRussell Westbrook
72%
Wants To Dunk On EverybodyJa Morant
69%
Nicknamed "The Process"Joel Embiid
69%
2nd Best 3 Point Shooter (In My Opinion)Klay Thompson
69%
Won Finals Mvp Over Steph In 2015Andre Iguodala
67%
Posterized Giannis On Christmas DayJayson Tatam
58%

Score Distribution

Percentile by Number Answered

Percent of People with Each Score

Your Score History

You have not taken this quiz